00866nam a2200169 i 4500001000700000003000900007005001700016008004100033100005600074245019100130260004800321300006400369530003500433650002000468852011300488856009500601163085ES-MaACL20250809063530.0931025s1736 fr f |||| | fre d1 aRéaumur, René Antoine Ferchault de, d1683-175710aMemoires pour servir a l'histoire des insectes / cpar M. de Reaumur... ; Tome second, suite de l'histoire des chenilles & des papillons et l'histoire des insectes envenis des chenilles. aa Paris : bde l'imprimerie royale, c1736. a4], XLVI, 2], 514, 2] p., 40] h. de grab. pleg. ; c4º. aDisponible en formato digital. 7aInsectos2embne4 aES-MaACLjR-1123-28 z- Enc. pasta españolaz- Ex-libris de la Biblioteca Real xOlim: G-12039-444 uhttps://hdl.handle.net/11441/120522 zDepósito de Investigación Universidad de Sevilla